<?xml version="1.0" encoding="UTF-8"?>
<record
    xmlns:xsi="http://www.w3.org/2001/XMLSchema-instance"
    xsi:schemaLocation="http://www.loc.gov/MARC21/slim http://www.loc.gov/standards/marcxml/schema/MARC21slim.xsd"
    xmlns="http://www.loc.gov/MARC21/slim">

  <leader>00359    a2200109   4500</leader>
  <controlfield tag="001">ART_60088</controlfield>
  <controlfield tag="005">20260410162052.0</controlfield>
  <controlfield tag="008">260409a                                 </controlfield>
  <datafield tag="245" ind1="1" ind2="0">
    <subfield code="a">Los trust del exterior desde la perspectiva de los tributos nacionales. Segunda parte</subfield>
  </datafield>
  <datafield tag="100" ind1="1" ind2=" ">
    <subfield code="a">Mastandrea, Alberto F.</subfield>
  </datafield>
  <datafield tag="773" ind1="0" ind2=" ">
    <subfield code="t">Impuestos</subfield>
    <subfield code="g">- N&#xB0; 163 (ene. 2024)</subfield>
    <subfield code="w">REV45175</subfield>
  </datafield>
  <datafield tag="999" ind1=" " ind2=" ">
    <subfield code="c">35888</subfield>
    <subfield code="d">35888</subfield>
  </datafield>
</record>
